000 00261nam a2200109Ia 4500
008 190802s9999 xx 000 0 und d
100 _aMolana Abu Kalam Azad
245 0 _aAap Beeti
260 _aLahore
_bMakki Dar-ul-Kutob
_c2005
300 _a274:p
942 _cBK
999 _c2485
_d2485